[Event "Biel GM"]
[Site "Biel"]
[Date "2004.07.22"]
[Round "4"]
[White "Pelletier, Yannick"]
[Black "Bacrot, Etienne"]
[Result "1/2-1/2"]
[WhiteElo "2597"]
[BlackElo "2712"]
[Annotator "Pelletier,Y"]
[PlyCount "96"]
[EventDate "2004.07.19"]
[EventType "tourn"]
[EventRounds "10"]
[EventCountry "SUI"]
[EventCategory "18"]
[SourceTitle "CBM 102"]
[Source "ChessBase"]
[SourceDate "2004.09.23"]
[SourceVersion "1"]
[SourceVersionDate "2004.09.23"]
[SourceQuality "1"]

1. e4 e5 2. Nf3 Nc6 3. Bb5 a6 4. Ba4 Nf6 5. O-O Be7 6. Re1 b5 7. Bb3 d6 8. c3
O-O 9. h3 Bb7 10. d4 Re8 11. Ng5 Rf8 12. Nf3 Re8 13. Nbd2 Bf8 14. d5 Nb8 15.
Nf1 Nbd7 16. N3h2 Nc5 17. Bc2 c6 18. b4 Ncd7 19. dxc6 Bxc6 20. Bg5 h6 21. Bxf6
Nxf6 22. Ng4 Nxg4 23. Qxg4 Bd7 24. Qf3 Rc8 25. Bb3 Be6 26. Bxe6 {Das ganze
System gilt als wenigversprechend für Weiss, aber diese Neuerung von Javier
Moreno Carnero erlaubt es dem Anziehenden, um die Initiative zu kämpfen. Zwar
kontrolliert Schwarz nach diesem Tausch wieder das Feld d5, aber der Bauer d6
bleibt immer noch anfällig. Dazu schwächt Schwarz seine Königsstellung, was
Weiss versuchen wird, auszunützen.} (26. Rad1) (26. Rec1 {Akopian-Zhang Zhong,
Wijk aan Zee 2004}) ({sowie} 26. Qd3 {Leitao-Zhang Zhong, WM-Tripoli 2004
wurden schon erprobt.}) 26... fxe6 27. a4 Qd7 28. axb5 axb5 29. Red1 ({Nach} 
29. Ng3 {gefiel mir nicht} d5) 29... Qc6 (29... Ra8 $5 {hatte mich eher
beschäftigt, als ich über meinen 29.Zug nachdachte. Vermutlich hätte ich darauf
} 30. Ng3 {geantwortet.}) 30. Rd3 (30. Ra7 {sieht auf den ersten Blick stark
aus, aber die schwarze Stellung bleibt solide nach} Re7 31. Rxe7 Bxe7 32. Qg4
Qd7 33. Rd3 Rf8) 30... Ra8 31. Rad1 ({Auch nach} 31. Rxa8 Rxa8 32. Ng3 (32. Qg4
Qc4) 32... Qc4 $13 {hat es Weiss schwer, seine optimale Aufstellung zu
erreichen. Es fehlt nur den Zug Qg4, was im Fall von} (32... Be7 $2 {kommen
würde:} 33. Qg4 Qc4 34. Nh5 $40)) 31... Ra7 $1 {Etienne erkannt gut, dass die
f-Linie wichtiger ist als die a-Linie, und bringt seinen Turm rüber.} 32. Ng3
Rf7 33. Qg4 Rf4 34. Qg6 Rf6 35. Qg4 Rf4 36. Qg6 Rf6 37. Qh5 {Dieser Versuch
ist riskant, da Schwarz auch über aktive Möglichkeiten verfügt.} Ra8 $1 38. Qe2
$2 ({Mit wenig Zeit auf der Uhr, konnte ich die Konsequenzen des folgenden
Bauernopfers nicht einschätzen.} 38. Re3 Ra3 39. Rdd3 Ra1+ 40. Kh2 Rxf2 41. Rf3
Rxf3 42. Rxf3 Ra7 43. Qg6 Qc8 44. Nh5 Kh8 45. Rg3 Qd8 46. Qxe6 $14 {und Weiss
steht nicht nur aktiver, sondern hat auch das Feld d5 zurückerobert! Zwar
steht der Springer nocht weit von ihm entfernt, aber Schwarz ist momentan zur
Passivität verurteilt.}) 38... Qc4 (38... g6 $6 39. Rf3 Rf4 40. Qe3 Rxf3 41.
Qxf3 Kg7 42. Rd3 $40) 39. Nh5 Rf7 40. Qg4 Ra3 $6 ({Besser war} 40... Ra2 {
. Etienne dachte über seinen 40.Zug sehr lange nach und verwarf dies wegen} 41.
Rf3 (41. Qg6 Raxf2 42. Rg3 Qe2 43. Ra1 Rf1+ 44. Rxf1 Rxf1+ 45. Kh2 Qe1) 41...
Rxf3 42. gxf3 (42. Qxf3 $142 Qe2 $11 {/=+}) {Er verpasste aber} 42... Ra7 (
42... Kf7 43. Rxd6 g6 $11) 43. f4 Rf7 44. fxe5 dxe5 $15) 41. Qg6 Rxc3 42. Rxd6
$1 (42. Rxc3 Qxc3 43. Qxe6 Qxb4) 42... Rc1 ({Nach} 42... Bxd6 43. Rxd6 {
[%csl Gd6,Gg6,Gh5] reicht die Kompensation aus, z.B:} Kf8 (43... Qc8 $6 44.
Rxe6 Kf8 45. Rxe5 Qb8 46. f4 Rc1+ 47. Kh2 Qa7 48. Qd6+ Kg8 49. Rc5 $14) (43...
Rd3 44. Rxe6 Rd8 45. Nf6+ Kf8 46. Nd5 $5 (46. Nh7+ Kg8 47. Nf6+ Kf8 $11) 46...
Qd4 47. Qh7 Qxf2+ 48. Kh2 Rfd7 49. Rxe5 Rxd5 50. Rxd5 Rxd5 51. exd5 Qf4+ $11)
44. Rd8+ Ke7 45. Ra8 $5 (45. Rd7+ $6 Kxd7 46. Qxf7+ Kc6 47. Nxg7 Qxe4 $15) (45.
Rb8 Qc7 46. Rxb5 $44 (46. Re8+ $2 Kxe8 47. Nxg7+ Ke7 48. Qxe6+ Kf8 $19)) 45...
Qd4 (45... Ra3 $6 46. Rxa3 Qc1+ 47. Kh2 Qxa3 48. Nxg7 $16) 46. Ra6 Qxf2+ 47.
Kh2 Kf8 48. Ra8+ Ke7 49. Ra6 Kf8 $11) 43. Kh2 Rxd1 44. Rxd1 Bxb4 (44... Qe2 45.
Rd8 Qxf2 46. Qxe6 $13 {/+=}) 45. Rd7 Be7 46. Rxe7 ({Das Remis ist auch nach} 
46. f4 exf4 47. e5 f3 $11 {unausweichlich}) 46... Rxe7 47. Nf6+ Kf8 48. Nh7+
Kg8 1/2-1/2

[Event "Hoogovens-B"]
[Site "Wijk aan Zee"]
[Date "1990.01.??"]
[Round "10"]
[White "Polgar, Judit"]
[Black "Van der Sterren, Paul"]
[Result "1-0"]
[WhiteElo "2550"]
[BlackElo "2515"]
[Annotator "Polgar,J"]
[PlyCount "87"]
[EventDate "1990.01.??"]
[EventType "tourn"]
[EventRounds "11"]
[EventCountry "NED"]
[EventCategory "9"]
[SourceTitle "CBM 017"]
[Source "ChessBase"]
[SourceDate "1990.08.01"]
[SourceVersion "1"]
[SourceVersionDate "1990.08.01"]
[SourceQuality "1"]

1. e4 {Schussler} e5 2. Nf3 Nc6 3. Bb5 a6 4. Ba4 Nf6 5. O-O Be7 6. Re1 b5 7.
Bb3 d6 8. c3 O-O 9. h3 Nd7 10. d4 Bf6 {10...[]b6} 11. a4 Rb8 (11... Bb7 12.
axb5 axb5 13. Rxa8 Qxa8 (13... Bxa8 14. d5 Ne7 15. Na3 Nc5 16. Bc2 c6 17. b4
Na6 18. dxc6 Bxc6 19. Qd3 Nc7 20. Rd1 $16 {Huebner,R-Short,N/Skeleftea WCup/
1989/ -> CBM 14}) 14. d5 Ne7 15. Na3 Ba6 16. Nh2 $14 {Anand,V-Speelman,J/
Thessaloniki ol/1988/ -> TD 1988/6}) 12. axb5 axb5 13. d5 Ne7 14. Nbd2 {
N; the theory recommends 14.[]a3} (14. Be3 {Schussler} Nc5 15. Bc2 c6 16. b4
Na6 17. dxc6 Nxc6 18. Na3 Nc7 {And Black was ok in Nunn-Karpov, Rotterdam 1989.
}) 14... Ng6 (14... c6 15. dxc6 Nxc6 {15...[]c5? 16.>>d5!} 16. Nf1 Nc5 17. Bd5
Ne7 18. Ne3 $14) (14... Nc5 15. Bc2 c6 {15...b4!?} 16. b4 Na6 17. dxc6 Nxc6 18.
Nf1 $14) (14... b4 $5) 15. Nf1 Nh4 {15...[]f4 is interesting} 16. N1h2 Nxf3+
17. Nxf3 Nc5 18. Bc2 c6 $6 (18... b4 19. Be3 b3 (19... bxc3 20. bxc3 $14) 20.
Bb1 $14) 19. b4 (19. dxc6 $2 Qc7 20. b4 Ne6 $1) 19... Na6 20. dxc6 Qc7 21. Bb3
$1 Qxc6 22. Bd5 Qxc3 (22... Qd7 23. Be3 $6 (23. Qd2 $1 Rd8 (23... Nc7 24. Ra7
Qd8 25. Rd1 Nxd5 26. Qxd5 Be7 27. Be3 Be6 28. Qc6 $14) 24. Qa2 $1 Nc7 $2 25.
Qa7) 23... Rd8 { 24...>>b7}) 23. Be3 $1 Qc7 $8 (23... Nxb4 $2 24. Bd2) (23...
Qxb4 $2 24. Qc2 $1 { 25.<<eb1}) 24. Qc1 $1 (24. Qd2 Bb7 25. Bxb7 Qxb7 26. Qxd6
Ra8 $10) 24... Bb7 (24... Qxc1 25. Rexc1 { 26.<<xc8} Nxb4 26. Ba7 Nxd5 (26...
Rb7 27. Rxc8 $18) 27. Bxb8) (24... Qd7 25. Qa3 {Black has difficulties finding
a move}) 25. Ba7 Bxd5 (25... Qxc1 {not better} 26. Rexc1 Bxd5 27. exd5 (27.
Bxb8 $2 Nxb8 28. exd5 e4) 27... Nxb4 28. Bxb8 Rxb8 29. Rab1 Nxd5 $2 30. Rxb5
$18) 26. Qxc7 Nxc7 27. Bxb8 Rxb8 28. exd5 Nxd5 (28... e4 29. Rac1) 29. Rad1
Nxb4 30. Rxd6 Nc2 31. Re2 $1 (31. Rc1 $2 Nd4 32. Nxd4 exd4 33. Rb6 Rd8 34. Rxb5
d3 35. Rd1 d2 {with the black pawn at the second rank the win is much more
difficult for white than in the game, if it is possible at all.}) 31... Nd4 32.
Nxd4 exd4 33. Rb6 Rd8 34. Rxb5 g6 (34... d3 35. Rd2 Bc3 (35... g6 36. Rb3 $1
$18) 36. Rxd3 $1 $18) 35. Rd2 {to stop 35...d3} h5 {If black would take a
passive set-up with <<g7,<<f8,h6, than I put both my rooks on the 7th rank (
b7,d7 ), push my pawns g4,f4, put my king on g3 - than h4,g5 is the winning
plan.} 36. g3 Kg7 37. Rb7 Rd5 38. Kf1 Rd8 39. Ke2 Re8+ 40. Kd3 Re5 41. Ra2 Rf5
(41... h4 42. g4 { <<a2-a7, f2-f4}) 42. h4 Kg8 $2 {looses immediatly, but the
black position is lost anyway.} (42... g5 43. hxg5 Bxg5 44. Ke4 Rf6 45. f4 Bh6
46. Rh2 $18) 43. Ra8+ Kg7 44. f4 {Black is in total Zugzwang} (44. f4 Bxh4 45.
gxh4 Rxf4 46. Raa7 Kg8 47. Rd7 $18) 1-0

[Event "ISR-chT"]
[Site "Israel"]
[Date "1996.??.??"]
[Round "6"]
[White "Smirin, Ilia"]
[Black "Liss, Eran"]
[Result "1-0"]
[WhiteElo "2615"]
[BlackElo "2480"]
[Annotator "Psakhis,L"]
[PlyCount "71"]
[EventDate "1996.??.??"]
[EventType "team"]
[EventRounds "11"]
[EventCountry "ISR"]
[SourceTitle "CBM 052 Extra"]
[Source "ChessBase"]
[SourceDate "1996.07.01"]
[SourceVersion "1"]
[SourceVersionDate "1996.07.01"]
[SourceQuality "1"]

1. e4 e5 2. Nf3 Nc6 3. Bb5 a6 4. Ba4 Nf6 5. O-O Be7 6. Re1 b5 7. Bb3 d6 8. c3
O-O 9. h3 Bb7 10. d4 Re8 11. Ng5 Rf8 12. Nf3 Re8 13. Nbd2 Bf8 14. a4 h6 15. d5
Ne7 16. c4 (16. Nh2 $5 Ng6 17. Ndf1 c6 18. dxc6 Bxc6 19. Ng4 $14 {Polgar,
S-Brito,A/Las Palmas-B/1994/}) 16... c6 (16... Qd7 $5 17. axb5 axb5 18. Rxa8
Rxa8 19. cxb5 Qxb5 20. Nb1 Ra1 21. Nc3 Qb4 22. Qc2 c6 $10 {Parma,B-Nikolic,Pr/
JUG-ch/1982/}) (16... bxc4 17. Nxc4 c6 18. dxc6 Nxc6 19. a5 Na7 20. Bc2 Nb5 21.
Be3 Qc7 22. Nfd2 d5 23. Bb6 Qc6 24. exd5 Nxd5 $13 {Kruppa,Y-Klovan,Y/Frunze/
1988/}) 17. Bc2 (17. dxc6 $5 Bxc6 18. axb5 axb5 19. Rxa8 Qxa8 20. cxb5 Bb7 (
20... Bxb5 $2 21. Bxf7+) (20... Bxe4 $6 21. Nxe4 Nxe4 22. Bc2 $1 f5 23. Nh4 $1
$16) 21. Nc4 $1 Nxe4 22. Nxd6 Nxd6 23. Qxd6 e4 24. Nd4 $1 $16 {Sznapik,
A-Panczyk,K/POL-ch/1981/}) 17... bxc4 18. dxc6 Nxc6 19. Nxc4 Rc8 20. Bd2 $5 (
20. b3 Nd4 $1 21. Nxd4 (21. Bb2 $2 Nxf3+ (21... Nxc2 22. Qxc2 Bxe4 $1 23. Rxe4
Nxe4 24. Qxe4 d5 $19) 22. Qxf3 d5 23. exd5 Bxd5 24. Qc3 Bd6 $13) 21... exd4 22.
a5 (22. Qxd4 d5 $1 23. Qa7 $140 Qc7 24. Nb6 Bc5 $1 $36) 22... d5 23. Nb6 Rc7
24. e5 Bb4 25. Bd2 Bxd2 26. Qxd2 Ne4) 20... Nd4 (20... Nb4 $5) 21. Ba5 (21.
Nxd4 $5 exd4 22. Ba5 Qe7 23. Nb6 $14) 21... Nxf3+ 22. Qxf3 Qe7 23. Ne3 d5 (
23... Qd7 $5) 24. exd5 Rxc2 $6 (24... Nxd5 25. Be4 Nxe3 26. Bxb7 (26. Rxe3)
26... e4 $8 (26... Nc2 27. Bxc8 Nxe1 28. Qc6 Nd3 29. b4 $1 e4 30. Bxa6 $18) 27.
Bxe4 Qxe4 28. Rxe3 Qxf3 29. Rxf3 Rc2 30. Bc3 Ree2 31. Rd1 $16) (24... e4 $1 25.
Qg3 Nxd5 26. Nxd5 Bxd5 27. Bc3 $14) 25. Nxc2 Nxd5 (25... Qc5 $5 26. Bc3 Nxd5)
26. Qg3 Qc5 $5 (26... Nf4 27. Ne3) 27. Bc3 Nf4 28. Ne3 Re6 29. Ng4 Nxg2 $6 (
29... Qc6 30. Nxe5 Qxg2+ 31. Qxg2 Nxg2 32. Red1 Nf4 33. Rd7 $1 Nxh3+ 34. Kh2
Nxf2 35. Rxb7 Rxe5 36. Bxe5 Ng4+ 37. Kg3 Nxe5 38. b4 $18) (29... Bd6 $5 30.
Rad1 (30. Bxe5 Rxe5 31. Nxe5 Bxe5 32. b4 Qd6) 30... Bxg2 (30... Nxg2 31. Bxe5
$1 Rxe5 32. Rxe5 Bxe5 33. Nxe5 Nh4 34. Qxh4 (34. Rd8+ Kh7 35. Qd3+ f5) 34...
Qxe5 35. b4 $16) 31. Rxd6 $1 Qxd6 (31... Rxd6 32. Bxe5 Rg6 33. Bxf4 Bb7)) 30.
Rxe5 Qc4 31. Rxe6 Qxe6 32. Rd1 $18 Kh7 33. Qb8 Bc8 (33... Qe2 34. Rd7) 34. Rd8
Nh4 35. Qxc8 Qe4 36. Ne3 1-0

[Event "Rohde op 07th"]
[Site "Sautron"]
[Date "2007.10.29"]
[Round "4"]
[White "Pruess, David"]
[Black "Petkov, Vladimir"]
[Result "0-1"]
[WhiteElo "2417"]
[BlackElo "2508"]
[Annotator "RR"]
[PlyCount "94"]
[EventDate "2007.10.27"]
[EventType "swiss"]
[EventRounds "9"]
[EventCountry "FRA"]
[SourceTitle "EXT 2008"]
[Source "ChessBase"]
[SourceDate "2007.11.25"]
[SourceVersion "1"]
[SourceVersionDate "2007.11.25"]
[SourceQuality "1"]

1. e4 e5 2. Nf3 Nc6 3. Bb5 a6 4. Ba4 Nf6 5. O-O Be7 6. Re1 b5 7. Bb3 O-O 8. c3
(8. a4 {Devenu populaire pour éviter le gambit d5}) 8... d6 9. h3 Rb8 {Une
ligne trés rare mais qui a cette année été utilisée par Anand contre Topalov.
Petkov avait lui même également essayé cette ligne dans une partie jouée
quelques semaines avant l'open Rohde et c'est la raison pour laquelle
l'américain n'a pas été surpris et il a joué rapidement l'ouverture.} (9... Na5
{La suite principale}) (9... Bb7) (9... Nb8 {[%cal Gb8d7]}) 10. d4 {Tout а été
joué quasiment а tempo par les blancs puisque la pendule affiche 1h44 après 10
coups} (10. d3 Na5 11. Bc2 c5 12. Nbd2 {[%cal Gd2f1,Gf1g3,Gg3f5]} Nc6 13. Nf1
Re8 14. a3 $5 $146 h6 {[%csl Rf5,Rg6] affaiblit les cases blanches f5 et g6}
15. Ng3 $14 {[%csl Gf5][%cal Gg3f5];Topalov,V (2772)-Anand,V (2786) Leon 20th 
(2) 1/2}) 10... exd4 {(1h40)} 11. cxd4 d5 $1 {[%csl Ge4][%cal Gf6e4,Gc8f5]
C'est l'idée de la variante Gajewski, les noirs peuvent se permettre de perdre
un tempo car ils gagnent le contrôle de de la case forte "e4"} 12. e5 Ne4 13.
Nbd2 (13. Nc3 $143 $5 Nxc3 14. bxc3 {[%csl Rc3,Rc4]}) 13... Bf5 14. Bc2 Nb4 $1
{[%cal Gb4c2,Gc7c5] Gagne un tempo important sur le B pour jouer c7c5
attaquant le centre blanc qui est assez fragile} 15. Bb1 {(1h14) L'américain a
dépensé pas mal de temps entre le 10ème et le 15ème coup} c5 {(1h34)} 16. Nxe4
({RR} 16. a3 Nc6 17. Nxe4 Bxe4 18. Bxe4 dxe4 19. Rxe4 Qd5 20. Qd3 f5 21. Rf4 g6
22. Be3 Nd8 23. Ne1 Ne6 24. dxc5 Nxf4 25. Bxf4 Qxd3 26. Nxd3 g5 27. Bh2 Rbd8
28. Nb4 Bxc5 29. Nxa6 Bb6 30. b4 Rd2 {Szelag,M (2477)-Malaniuk,V (2528)/Krakow
2006/CBM 110 ext/0-1 (50)}) 16... dxe4 17. Bxe4 Bxe4 18. Rxe4 Qd5 {[%csl Gd5]
[%cal Gb4c6]} ({RR} 18... c4 {[%cal Gb4d3]} 19. Rg4 {[%cal Gc1h6]} f5 20. exf6
Bxf6 21. Bg5 Nd3 22. Bxf6 Qxf6 23. b3 Nf4 24. Ne5 Rbd8 25. Kh2 c3 26. b4 Nd5
27. a4 Qxf2 28. Nd3 Qd2 29. Rg3 Qxd1 30. Rxd1 bxa4 31. Rc1 a3 32. Rg5 Rfe8 33.
Nc5 {Fedorchuk,S (2577)-Gajewski,G (2396)/Warsaw 2005/CBM 108/0-1 (47)}) (18...
Nc6 $2 19. d5) 19. Qe2 {Continuant а suivre la partie jouée par Petkov en
septembre} c4 20. Rg4 $5 $146 {[%csl Gg7] (51)} (20. a3 {Filev,G (2292)-Petkov,
V (2520) Kesarovski Georgiev mem 6th (2) 1/2}) (20. Bd2 $5 Nd3 21. b3 {[%cal
Gb3c4]}) 20... f5 $1 {(1h26)} 21. exf6 (21. Rg3 f4 22. Rg4 Nd3 $132) 21... Bxf6
22. Bg5 (22. Ne5 Rbe8 $32 {[%cal Ge8e2]}) 22... Nd3 (22... Rbe8) 23. Bxf6 Rxf6
24. b3 Re6 25. Qc2 {(35)} h6 {(59)} 26. Rd1 Rf8 $132 27. bxc4 bxc4 28. Rg3 Re4
29. Rd2 Nf4 30. Kh2 {(10mn)} Rc8 {(28mn)} 31. Rg4 c3 32. Rd1 Re2 $15 {[%csl
Rf2]} 33. Rd2 {[%cal Gc2c8]} Re4 34. Rd1 Re2 {répète les coups pour passer le
contrôle de temps mais le GMI n'était pas vraiment en grand zeitnot} 35. Rd2 {
(03)} Rxd2 {(02)} 36. Nxd2 Qxd4 37. Ne4 Qe5 $1 $17 {[%csl Rh2][%cal Ge5h2]} 38.
g3 Nd5 (38... Ne6) 39. Nd2 $4 Kh8 $4 (39... Qe2 $19 {Selon la feuille de
parties, c'est bien Kh8 qui a été joué}) 40. Nf3 Qf6 41. Nh4 Rb8 42. Ng6+ Kg8
43. Rc4 Ne3 44. fxe3 Rb2 45. Rc8+ Kf7 46. Rf8+ Ke6 47. Nf4+ Kd7 0-1

[Event "POL-chT 66th"]
[Site "Katowice"]
[Date "2010.09.12"]
[Round "9"]
[White "Gdanski, Jacek"]
[Black "Piorun, Kacper"]
[Result "1/2-1/2"]
[WhiteElo "2542"]
[BlackElo "2497"]
[Annotator "RR"]
[PlyCount "28"]
[EventDate "2010.09.04"]
[EventType "team-tourn"]
[EventRounds "9"]
[EventCountry "POL"]
[SourceTitle "EXT 2016"]
[Source "ChessBase"]
[SourceDate "2015.10.08"]
[SourceVersion "1"]
[SourceVersionDate "2015.10.08"]
[SourceQuality "1"]
[WhiteTeam "Katowice Szopienice"]
[BlackTeam "Gorzow Wielkopolski"]
[WhiteTeamCountry "POL"]
[BlackTeamCountry "POL"]

1. e4 e5 2. Nf3 Nc6 3. Bb5 a6 4. Ba4 Nf6 5. O-O Be7 6. Re1 b5 7. Bb3 d6 8. c3
O-O 9. h3 Re8 10. d4 Bb7 11. Ng5 (11. Nbd2 exd4 12. cxd4 Nd7 13. Nf1 Na5 14.
Bc2 Bf6 15. Bf4 Nf8 16. Ng3 g6 17. Rb1 c5 18. d5 Nc4 19. Qc1 Nd7 20. Nf1 Rc8
21. N1h2 Nce5 22. Nxe5 Nxe5 23. Ng4 Nxg4 24. hxg4 c4 25. g5 Bg7 26. Bd2 a5 27.
Bc3 b4 28. Bxg7 Kxg7 29. Qe3 Qe7 30. f4 Qc7 31. Qd4+ Kg8 32. Re3 Qc5 33. Qxc5
Rxc5 34. Kf2 Bc8 35. Ba4 Re7 36. Rh1 Rec7 37. Bc6 Bb7 38. Bxb7 Rxb7 39. Reh3 h5
40. gxh6 c3 {Yu,Y (2736)-Svidler,P (2740) Ningbo 2015 1/2-1/2 (62)}) 11... Rf8
12. Nf3 Re8 13. Ng5 Rf8 14. Nf3 Re8 1/2-1/2